000 00374cam a2200145ua 4500
003 OSt
008 250820b |||||||| |||| 00| 0 eng d
041 _aeng
082 _a627.5
_bELE/HY
100 _aElevatorski, Edward A .
_97738
245 _aHydraulic energy dissipators /
260 _aNew York :
_bMcGraw Hill Book Company ,
_c1959.
300 _a214 ; .
942 _cBK
999 _c2726
_d2726